000 00975nas a2200289 4500
001 BR9201729
003 BR-BrBNA
005 20231205092436.0
007 ta
008 230509b bl.|||p| |||| 00| 00por d
040 _aBR-BrBNA
_bpor
_cBiblioteca Nacional de Agricultura
041 _a(Pt)
072 _aL73
100 1 _aRibeiro, H.F.L.
100 1 _aVale, W.G.
100 1 _aSousa, J.S.
100 1 _aOhashi, O.M.
100 1 _aSilva, N.Q.
100 1 _aVieira, J.M.S.
245 1 _aAspectos clinicos, bacteriologicos e histopatologicos das endometrites em bufalas (Bubalus bubalis, Lin)
246 1 _aClinical, bacteriological and histopatological aspects of endometrites in water buffalo cows (Bubalus bubalis, Lin)
650 _aBUFALO
650 _aENDOMETRITE
773 0 _tRevista Brasileira de Reproducao Animal (Brazil)
_xISSN 0102-0803
_g(1990), v. 14(1) p. 31-44
_wBR9201729
909 _a202311
_bLúcia
_c55
_dLúcia Elande
942 _2AGRIS
_n0
_cANA
999 _c131740
_d131740